<?xml version="1.0" encoding="UTF-8"?>
<record
    xmlns:xsi="http://www.w3.org/2001/XMLSchema-instance"
    xsi:schemaLocation="http://www.loc.gov/MARC21/slim http://www.loc.gov/standards/marcxml/schema/MARC21slim.xsd"
    xmlns="http://www.loc.gov/MARC21/slim">

  <leader>00780nam a22001935i 4500</leader>
  <controlfield tag="001">156128</controlfield>
  <controlfield tag="003">ES-MaACL</controlfield>
  <controlfield tag="005">20250808072355.0</controlfield>
  <controlfield tag="008">991104s1880    fr           |||| | fre d</controlfield>
  <datafield tag="100" ind1="1" ind2=" ">
    <subfield code="a">Jung, Theodore.</subfield>
    <subfield code="9">172895</subfield>
  </datafield>
  <datafield tag="245" ind1="1" ind2="0">
    <subfield code="a">Bonaparte et son temps, 1769-1799 d'apr&#xE8;s les documents in&#xE9;dits /</subfield>
    <subfield code="c">par Th. Iung.</subfield>
  </datafield>
  <datafield tag="260" ind1=" " ind2=" ">
    <subfield code="a">Paris : </subfield>
    <subfield code="b">G. Charpentier, </subfield>
    <subfield code="c">1880 (</subfield>
    <subfield code="f">Imp. E. Capiomont et V. Renault)</subfield>
  </datafield>
  <datafield tag="300" ind1=" " ind2=" ">
    <subfield code="a">2 v. (XI, 418 ; 511 p.) : </subfield>
    <subfield code="b">[3] h. pleg. de mapas ; </subfield>
    <subfield code="c">18 cm.</subfield>
  </datafield>
  <datafield tag="600" ind1="0" ind2="4">
    <subfield code="a">Napole&#xF3;n </subfield>
    <subfield code="b">I </subfield>
    <subfield code="c">, Emperador de Francia.</subfield>
    <subfield code="9">84910</subfield>
  </datafield>
  <datafield tag="651" ind1=" " ind2="4">
    <subfield code="a">Francia-</subfield>
    <subfield code="x">Historia-</subfield>
    <subfield code="y">1715-1792</subfield>
    <subfield code="9">8702</subfield>
  </datafield>
  <datafield tag="651" ind1=" " ind2="4">
    <subfield code="a">Francia-</subfield>
    <subfield code="x">Historia-</subfield>
    <subfield code="y">1789-1799, Revoluci&#xF3;n</subfield>
    <subfield code="9">241176</subfield>
  </datafield>
  <datafield tag="852" ind1=" " ind2=" ">
    <subfield code="a">ES-MaACL</subfield>
    <subfield code="j">D-1567-68    </subfield>
    <subfield code="z">- Enc. hol.    </subfield>
    <subfield code="z">- Legado Modesto de la Fuente</subfield>
  </datafield>
  <datafield tag="999" ind1=" " ind2=" ">
    <subfield code="c">156128</subfield>
    <subfield code="d">156128</subfield>
  </datafield>
  <datafield tag="952" ind1=" " ind2=" ">
    <subfield code="0">0</subfield>
    <subfield code="1">0</subfield>
    <subfield code="4">0</subfield>
    <subfield code="7">0</subfield>
    <subfield code="8">LIBXIX</subfield>
    <subfield code="a">ATENEOM</subfield>
    <subfield code="b">ATENEOM</subfield>
    <subfield code="c">SVI</subfield>
    <subfield code="d">2008-01-17</subfield>
    <subfield code="l">0</subfield>
    <subfield code="o">D-1567-68</subfield>
    <subfield code="p">901163337</subfield>
    <subfield code="r">2023-02-23 00:00:00</subfield>
    <subfield code="w">2023-02-23</subfield>
    <subfield code="y">MONANT</subfield>
  </datafield>
</record>
